Le probléme de la liberte selon J. P. Sartre /

Guardado en:
Autor Principal: Jolivet, Régis.
Formato: Libro
Idioma:French
Publicado: Tucumán : Universidad nacional, 1954.
Materias:
Etiquetas: Agregar Etiqueta
Sin Etiquetas, Sea el primero en etiquetar este registro!
LEADER 00503nam a22001695a 4500
001 EUN.um004066
003 AR-BaUNS
005 20050623122851.0
008 041125s1954####ag############000#0#fre#d
245 1 3 |a Le probléme de la liberte selon J. P. Sartre /  |c Régis Jolivet. 
260 |a Tucumán :  |b Universidad nacional,  |c 1954. 
300 |a 4 p. 
100 1 |a Jolivet, Régis. 
082 0 4 |a 123.04 
653 |a Sartre, Jean P. 
653 |a Libertad-metafisica 
859 |a Ar-BaUNS  |b Dto. Humanidades  |h 123.04  |i J683  |p 174/956